| Tag |
First Indicator |
Second Indicator |
Subfields |
| LEADER |
00000cam a2200000 a 4500 |
| 001 |
in00000826821 |
| 005 |
20151018122605.0 |
| 008 |
810611s1980 riu b f00110 eng d |
| 010 |
|
|
|a gp 82013210
|
| 010 |
|
|
|a 81009654
|
| 020 |
|
|
|c $5.50
|
| 035 |
|
|
|a (OCoLC)07577592
|
| 035 |
|
|
|9 ADX2867AM
|
| 039 |
0 |
|
|a 2
|b 3
|c 3
|d 3
|e 3
|
| 040 |
|
|
|a DLC
|c DLC
|d GPO
|d UtOrBLW
|
| 043 |
|
|
|a n-us-ri
|
| 050 |
|
0 |
|a V420
|b .V55
|
| 074 |
|
|
|a 408-A-2
|
| 082 |
0 |
|
|a 359/.07/1173
|2 19
|
| 086 |
0 |
|
|a D 208.210:4
|
| 090 |
|
|
|a V420
|b .V55 1981
|
| 100 |
1 |
|
|a Vlahos, Michael,
|d 1951-
|
| 245 |
1 |
4 |
|a The blue sword :
|b Naval War College and the American mission, 1919-1941 /
|c by Michael Vlahos.
|
| 250 |
|
|
|a 1st ed.
|
| 264 |
|
1 |
|a Newport, R.I. :
|b Naval War College Press ;
|c 1980.
|
| 264 |
|
2 |
|a Washington, D.C. :
|b For sale by the Supt. of Docs., U.S. G.P.O.,
|
| 300 |
|
|
|a v, 214 pages ;
|c 23 cm.
|
| 336 |
|
|
|a text
|b txt
|2 rdacontent
|
| 337 |
|
|
|a unmediated
|b n
|2 rdamedia
|
| 338 |
|
|
|a volume
|b nc
|2 rdacarrier
|
| 490 |
1 |
|
|a U.S. Naval War College historical monograph series ;
|v no. 4
|
| 504 |
|
|
|a Bibliography: pages 196-211.
|
| 500 |
|
|
|a Includes index.
|
| 610 |
2 |
0 |
|a Naval War College (U.S.)
|x History
|y 20th century.
|
| 610 |
1 |
0 |
|a United States.
|b Navy
|x History
|y 20th century.
|
| 650 |
|
0 |
|a Naval art and science
|x History
|y 20th century.
|
| 651 |
|
0 |
|a United States
|x History, Naval
|y 20th century.
|
| 740 |
4 |
|
|a The Naval War College and the American mission, 1919-1941.
|
| 830 |
|
0 |
|a U.S. Naval War College historical monograph series ;
|v no. 4.
|
| 999 |
|
|
|a MARS
|
| 999 |
f |
f |
|s a0bc0712-9990-35ee-8eb2-afdb97b7b62a
|i cf559da9-6f66-3678-abb6-2348977dc6cd
|t 0
|
| 952 |
f |
f |
|p noncirc
|a Texas A&M University
|b College Station
|c Cushing Memorial Library & Archives
|d Cushing: Ragan Military (Does not check out)
|t 0
|e V420 .V55 1981
|h Library of Congress classification
|i unmediated -- volume
|
| 998 |
f |
f |
|a V420 .V55 1981
|t 0
|l Cushing: Ragan Military (Does not check out)
|